| 000 | 00756nam a2200229 4500 | ||
|---|---|---|---|
| 003 | OSt | ||
| 005 | 20240718073559.0 | ||
| 006 | a | ||
| 008 | 240718b |||||||| |||| 00| 0 eng d | ||
| 020 | _a980240808208 | ||
| 040 |
_aDWCL-Main lib. _cOC |
||
| 082 | _aCirc. 791.4334 B422p 2007 | ||
| 245 | _aPrepare to board! : creating story and characters for animated features and shorts / | ||
| 260 |
_aAmsterdan : _bElsvier/focal Press, _cc2007. |
||
| 300 |
_axiv, _b317 p. ; ill.(some col.) ; _c26 cm. |
||
| 504 | _aIncludes bibliographical references & index. | ||
| 650 | _a1. Animated films-Technique. | ||
| 650 | _a2. Animated films-Authorship. | ||
| 650 | _a3. Cartoon characters. | ||
| 700 | _aNancy Beiman | ||
| 942 |
_2ddc _n0 _cBK-CIRC _kCirc. |
||
| 999 |
_c2384 _d2384 |
||